National human development report Slovak Republic 2000

Gespeichert in:
Bibliographische Detailangaben
Weitere Verfasser: Vagač, Luboš, Erban, Milan
Format: Buch
Sprache:Englisch
Veröffentlicht: Bratislava Center for Economic Development 2000
Schlagworte:
Tags: Tag hinzufügen
Keine Tags, Fügen Sie das erste Tag hinzu!

MARC

LEADER 00000nam a2200000 4500
001 c124019
005 20230220122913.3
020 |a 80-89026-03-6 
041 0 |a eng 
044 |a SK 
245 1 0 |a National human development report  |b Slovak Republic 2000  |c [editor: Luboš Vagač] ; [preklad: Milan Erban] 
264 1 |a Bratislava  |b Center for Economic Development  |c 2000 
300 |a 141 s. 
610 2 0 |a situácia hospodárska 
610 2 0 |a vývoj hospodársky 
610 2 0 |a politika 
610 2 0 |a trh práce 
610 2 0 |a vzdelávanie 
610 2 0 |a školstvo 
610 2 0 |a demografia 
610 2 0 |a zdravie 
610 2 0 |a demokracia 
610 2 0 |a transformácia 
610 2 0 |a kriminalita 
610 2 0 |a chudoba 
610 2 0 |a politika sociálna 
610 2 0 |a úroveň životná 
610 2 0 |a národnosti 
610 2 0 |a údaje štatistické 
610 2 0 |a rozvoj sociálno-ekonomický 
610 2 0 |a Slovensko 
610 2 0 |a 2000 
700 1 |a Vagač, Luboš 
700 1 |a Erban, Milan